Major deaths in the Arrowverse Quiz Stats

 Plays Quiz not verified by Sporcle

Score 0/113 Timer 17:00
0 Plays Today
% Correct
Rip Hunter
65.5%
Tommy Merlyn
63.8%
Clifford DeVoe aka The Thinker
63.6%
Harrison Wells (Earth-1)
63.2%
Vandal Savage
61.2%
Mallus
60%
Samantha Clayton
58.2%
Laurel Lance aka Black Canary
57.9%
Billy Malone
56.6%
Kara Danvers aka Overgirl (Earth-X)
56.4%
Oliver Queen aka Dark Arrow (Earth-X)
56.4%
Malcolm Merlyn aka Dark Archer
55.8%
Moira Queen
55.7%
Andy Diggle
55.1%
Leonard Snart aka Captain Cold
54.8%
Ronnie Raymond aka Firestorm (Earth-1)
54.6%
Bette Sans Souci aka Plastique
54.5%
HR Wells (Earth-19)
54.3%
Adrian Chase aka Prometheus
53.6%
Quentin Lance
52.7%
Black Bison, Dwarfstar, Hazard, Kilg%re, Fiddler, Melting Point, Null and Folded Man
52.7%
Martin Stein aka Firestorm
52.7%
Caitlin Snow aka Killer Frost (Earth-2)
52.6%
Shado
52.2%
Eliza Harmon aka Trajectory
51.8%
Nora Allen
51.5%
Vincent Sobel aka Vigilante
50.9%
Eddie Thawne
50.6%
Savitar
50.5%
Ra's Al Ghul
50.4%
Hunter Zolomon aka Zoom
50.4%
Akio Yamashiro
50.3%
Maseo Yamashiro aka Sarab
49.6%
Al Rothstein aka Atom Smasher
48.1%
Robert Queen
47.8%
Tess Morgan
47.8%
Cecil Adams aka The Count
47.1%
Henry Allen
46.3%
% Correct
Hannibal Bates aka Everyman
46.1%
Taiana Venediktov
46.1%
Cayden James
45.5%
Eddie Slick aka Sand Demon
45.2%
Charles McNider aka Doctor Mid-Nite
44.5%
Digger Harkness aka Captain Boomerang
44.5%
Edward Clariss aka The Rival
44.2%
Henry Heywood aka Commander Steel
44.2%
Baron Reiter
43.9%
Eobard Thawne aka Reverse Flash
43.6%
Joseph West (Earth-2)
43.5%
Yao Fei
43.3%
Floyd Lawton aka Deadshot
43.2%
Clyde Mardon
43.1%
Abra Kadabra
42.1%
The Pilgrim
41.9%
Frank Pike
41.8%
Valentina Vostok aka Sovjet Firestorm
41.7%
Black Flash
40.9%
Damien Darhk
40.5%
Mark Scheffer aka Shrapnel
40.3%
Ronnie Raymond aka Deathstorm (Earth-2)
40.2%
Doris Chase
39.9%
Francine West
39.4%
Aldus Boardman
39%
Lewis Snart
38.5%
Billy Wintergreen aka Deathstroke
38.4%
Garfield Lynns aka Firefly
38.3%
Tony Woodward aka Girder
38.3%
Sebastian Blood aka Brother Blood
37.4%
Farooq Gibran aka Blackout
37.3%
Tobias Church aka Charon
37.2%
Baron Krieger aka Ubermensch
37%
Laura Ramirez
37%
Griffin Grey
36.8%
Isabel Rochev aka Ravager
36.6%
General Matthew Shrieve
36.3%
Rebecca Merlyn
36.2%
% Correct
Officer Daily
35.3%
Al-Owal
35%
Russell Glosson aka Turtle
34.9%
Barton Mathis aka The Dollmaker
34.6%
Neil Borman aka Fallout
34.5%
Amanda Waller
34.5%
Cooper Seldon aka Brother Eye
34.5%
Konstantin Kovar
34.4%
Time Master Druce
34.2%
Alex Davis
34.2%
Miranda and Jonas Hunter
33.8%
Sheck
32.7%
Galina Venediktov
31.8%
Cyrus Gold aka The Acolyte
31.7%
Rex Tyler aka Hourman
31.6%
Vlad Venediktov
31.4%
Francisco Ramon aka Reverb (Earth-2)
30.7%
Ruvé Adams
30.7%
Danton Black aka Multiplex
30.1%
Xavier Reed aka The Mayor
29.8%
Anthony Ivo
29.7%
Derek Reston aka King
29.6%
Chase
29.2%
Gholem Qadir
29%
Dante Ramon aka Rupture (Earth-2)
28.9%
Frank Bertinelli
28.8%
Time Master Declan
28%
Sean Sonus
27.9%
Frank Chen
27.9%
Mr. Blank
27.5%
Jake Simmons aka Deathbolt
26.8%
Edward Fyers
25%
Conklin
24.9%
Viktor Mikalek
24.2%
Ishmael Gregor
22.7%
Scimitar
21.8%
Joseph Falk aka The Savior
21.5%

You're not logged in!

Compare scores with friends on all Sporcle quizzes.
OR
Log In

Sporcle TV

Today on Sporcle TV


Watch our educational content, quiz creation guides, and fun videos on Sporcle TV.

Show Comments

Extras

Top Quizzes Today


Score Distribution

Your Account Isn't Verified!

In order to create a playlist on Sporcle, you need to verify the email address you used during registration. Go to your Sporcle Settings to finish the process.

Report this User

Report this user for behavior that violates our Community Guidelines.

Details: